00676nam a2200241 a 4500001001300000003000900013005001700022008004100039020001000080082001400090100002000104245004100124260003300165300000800198500003500206505002800241650002100269700002000290902000800310942000700318952009400325999001500419nice12345678IN_TiNIC20260116012142.0050524s1931 teha grp 000 0 per  ac10000a241bLEV3 aLevonian, Lotfi aManbeh-I-Quwwa-I-Mazhab Der Koja Ast aTehranbMatba Brokheemc1931 a20p aincludes index and biblioraphy2 aHand Written Manuscript aChristian-Ethics1 aLevonian, Lotfi bSRS cBK 00104070aHMIbHMId2008-04-17g100.00l0o241 LEV3p5012r2008-04-17w2026-01-16yARB c5848d5848